00707nam a22001937a 450000500170000001000150001702000270003203500140005903700130007308200110008624501170009726000310021427000570024530000250030270000170032794200250034499900190036995201250038820170829112144.0 aENG-120132 c1195.00a9789350023310 aEN-103664 bDBAD/PUB a306.42 aLokavidya perspectives :cedited by Amit Basole ba philosophy of political imagination for the knowledge age / aDelhi bAAKAR BOOKS c2015 a28 E Pocket IV, Mayur Vihar Phase I, bDelhie110091 axiii,471p.c21cm(Hb) aBasole, Amit 2ddccENh306.42mLOK c143870d143870 001040708NFICaKGMbKGMd2017-08-28eDBAD/PUBg1195.00l0o306.42 LOKpEN-103664r2017-08-28 00:00:00t1v1195.00yEN